UBT Library

The machinery question and the making of political economy, 1815-1848 / (Record no. 40771)

000 -LEADER
fixed length control field 00593cam a2200217 i 4500
001 - CONTROL NUMBER
control field 2280947
005 - DATE AND TIME OF LATEST TRANSACTION
control field 20180123050649.0
008 - FIXED-LENGTH DATA ELEMENTS--GENERAL INFORMATION
fixed length control field 790516s1980 enka b 001 0 eng
010 ## - LIBRARY OF CONGRESS CONTROL NUMBER
LC control number 79015271
020 ## - INTERNATIONAL STANDARD BOOK NUMBER
International Standard Book Number 0521227828
040 ## - CATALOGING SOURCE
Original cataloging agency DLC
Transcribing agency DLC
Modifying agency DLC
041 ## - LANGUAGE CODE
Language code of text/sound track or separate title eng
080 ## - UNIVERSAL DECIMAL CLASSIFICATION NUMBER
Universal Decimal Classification number 338.009034 ber
082 ## - DEWEY DECIMAL CLASSIFICATION NUMBER
Classification number 338.009034 ber
100 1# - Rafti
Rafti 20
101 ## - Shkurtesa
Shkurtesa pol
245 14 - TITLE STATEMENT
Title The machinery question and the making of political economy, 1815-1848 /
Statement of responsibility, etc Maxine Berg.
504 ## - BIBLIOGRAPHY, ETC. NOTE
Bibliography, etc Bibliography: p. [343]-366.
906 ## - LOCAL DATA ELEMENT F, LDF (RLIN)
a 7
b cbc
c orignew
d 1
e ocip
f 19
g y-gencatlg
942 ## - ADDED ENTRY ELEMENTS (KOHA)
Source of classification or shelving scheme
Item type Books
Holdings
Withdrawn status Lost status Source of classification or shelving scheme Damaged status Not for loan Collection code Permanent location Current location Shelving location Date acquired Total Checkouts Full call number Barcode Date last seen Price effective from Koha item type
          Koleksioni i përgjithshem UBT - Lipjan UBT - Lipjan Koleksioni i përgjithshem 01/23/2018   338.009034 ber 002-2996082 01/23/2018 01/23/2018 Books
UBT Library © 2015-2024. All rights reserved University Education for Business and Technology